| 000 | 00816cam a22002414a 4500 | ||
|---|---|---|---|
| 001 | sa 65009028 | ||
| 003 | DLC | ||
| 005 | 20260227112159.0 | ||
| 008 | 820317s1941 ii af 000 0dgujo | ||
| 010 | _asa 65009028 | ||
| 040 |
_aDLC _cDLC |
||
| 043 | _aa-ii--- | ||
| 050 | 0 | 0 |
_aPK1859.L8 _bZ46 1941 |
| 100 | 0 |
_aSundaram, _d1908-1991. |
|
| 245 | 1 | 0 |
_aDakshiṇāyana : _bDakshiṇa Hindano eka pravāsa / _cTribhuvanadāsa Pu. Luhāra. |
| 250 | _a1. āvr̥tti. | ||
| 260 |
_aMumbaī : _bSola ejanṭsa Āra. Āra. Śeṭhani Kaṃ., _c1994 [1941] |
||
| 300 |
_a14, 267 p., [8] p.of plates : _bill. ; _c19 cm. |
||
| 490 | 0 |
_aŚrī Sayājī sāhityamālā ; _vpushpa 276 muṃ |
|
| 546 | _aIn Gujarati. | ||
| 600 | 0 | 0 |
_aSundaram, _d1908-1991 _xTravel _zIndia, South. |
| 651 | 0 |
_aIndia, South _xDescription and travel. |
|
| 999 |
_c65995 _d65995 |
||